00000000cas 2200000zi 4500
0019.962437
003CaOODSP
00520260514111117
006m     o  d f      
007cr |||||||||||
008260430d19691972qucar p o    f0###b0fre|d
040 |aCaOODSP|bfre|erda|cCaOODSP
043 |an-cn---
0861 |aRG1-3F-PDF
1102 |aConseil canadien de la consommation.|eauteur, |eorganisme de publication.
24510|a... rapport annuel / |bConseil canadien de la consommation.
2463 |aConseil canadien de la consommation ... rapport annuel
310 |aAnnuel
336 |atexte|btxt|2rdacontent/fre
337 |ainformatique|bc|2rdamedia/fre
338 |aressource en ligne|bcr|2rdacarrier/fre
500 |aPublié aussi en anglais sous le titre : ... annual report.
500 |aÉdition numérisée de l'imprimé [par Innovation, Sciences et Développement économique Canada].
588 |aDescription d'après : 1969.
588 |aDernière livraison consultée : 1972.
61020|aConseil canadien de la consommation |vPériodiques.
650 6|aConsommateurs|xProtection|zCanada|vPériodiques.
655 7|aPériodiques|2rvmgf
77508|t... annual report / |w(CaOODSP)9.962438